Isot kissat - Statistics

Yleistilastot
  • Tätä visaa on pelattu 1 232 kertaa
  • Keskiarvotulos 6 / 9
Vastaustilastot
Enimmäispaino Turkin tuntomerkit ja muuta tietoa Kissaeläin % Oikein
250 kg yksivärinen; uroksilla on suuri harja; karjuu Leijona
99%
305 kg mustat raidat; karjuu Tiikeri
98%
95 kg pieniä mustien täplien rykelmiä; karjuu Leopardi (eli pantteri)
93%
72 kg mustia täpliä; voi juosta yli 110 km/h Gepardi
86%
30 kg tupsuhäntä- ja korvat, pitkä kaularöyhelö, mustat täplät Ilves
82%
100 kg yksivärinen; elää Amerikan kallioalueilla Puuma
71%
160 kg mustien täplien rykelmiä; karjuu; elää Amerikassa Jaguaari
57%
55 kg vaaleanharmaa pienillä tummien täplien rykelmillä Lumileopardi
39%
23 kg suuria ja tummia epäsäännöllisen muotoisia laikkuja Borneonpuuleopardi
3%
Ehtoja vastaavia visoja ei löytynyt
Tulosjakauma
Jokaisen tuloksen saaneiden osuus
Persentiili vastausten määrän mukaan
Tuloshistoriasi
Et ole pelannut tätä visaa